00233nam a2200097Ia 4500008004100000100001300041245003200054260003100086300000800117650001000125190216s9999||||xx |||||||||||||| ||und|| aByrd J L 0aKing Arthur And His Knights bE J Arnold & Son Ltdc1988 a96p aNovel